Sports Quiz

Random Sports or NFL Quiz
Score 0/32 Timer 10:00
0 Plays Today
% Correct
Mason Rudolph
85.3%
Tom Brady
85.3%
Jameis Winston
85.3%
Patrick Mahomes
85.3%
Lamar Jackson
83.8%
Ryan Fitzpatrick
83.8%
Sam Darnold
83.8%
Kyler Murray
82.4%
Jimmy Garoppolo
80.9%
Mitchell Trubsiky
79.4%
Case Keenum
77.9%
Drew Brees
77.9%
Joe Flacco
76.5%
Jacoby Brissett
73.5%
Daniel Jones
72.1%
Deshaun Watson
72.1%
% Correct
Jared Goff
70.6%
Gardner Minshew
69.1%
Kyle Allen
67.6%
Andy Dalton
66.2%
Matt Ryan
63.2%
Aaron Rodgers
61.8%
Matthew Stafford
58.8%
Derek Carr
58.8%
Dak Prescott
57.4%
Kirk Cousins
55.9%
Russell Wilson
52.9%
Carson Wentz
51.5%
Josh Allen
48.5%
Ryan Tannehill
48.5%
Phillip Rivers
48.5%
Baker Mayfield
44.1%
Come Together.
Have Fun.
All Virtual.
We all need to come together. Play Sporcle's virtual live trivia to have fun, connect with people, and get your trivia on. Join a live hosted trivia game for your favorite pub trivia experience done virtually. If a virtual private party is more your thing, go here for details.

You're not logged in!

Compare scores with friends on all Sporcle quizzes.
OR
Log In

Sporcle TV

Today on Sporcle TV


Watch our educational content, quiz creation guides, and fun videos on Sporcle TV.

Show Comments

Extras

Created Feb 14, 2020ReportNominate
Tags:NFL Quiz

Top Quizzes Today


Score Distribution

Paid Content

Your Account Isn't Verified!

In order to create a playlist on Sporcle, you need to verify the email address you used during registration. Go to your Sporcle Settings to finish the process.

Report this User

Report this user for behavior that violates our Community Guidelines.

Details: